000 00661nas a2200229 4500
001 BR8205909
003 BR-BrBNA
005 20231205085317.0
007 ta
008 230509b bl.|||p| |||| 00| 00por d
040 _aBR-BrBNA
_bpor
_cBiblioteca Nacional de Agricultura
041 _a(Pt)
072 _aN10; L00
100 1 _aGhelfi Filho, H.
245 1 _aProjeto de um curral [Brasil]
650 _aPECUARIA DE CORTE
650 _aCURRAL
650 _aINSTALACAO AGRICOLA
773 0 _tAnuario dos Criadores (Brazil)
_xISSN 0512-0937
_g(1981-1982), v. 19(19) p. 62-66
_wBR8205909
909 _a202311
_bLúcia
_c55
_dLúcia Elande
942 _2AGRIS
_n0
_cANA
999 _c110647
_d110647